Indian army triumphant in Burma (Record no. 219999)

MARC details
000 -LEADER
fixed length control field 00684nam a2200217Ia 4500
003 - CONTROL NUMBER IDENTIFIER
control field OSt
005 - DATE AND TIME OF LATEST TRANSACTION
control field 20250827105841.0
008 - FIXED-LENGTH DATA ELEMENTS--GENERAL INFORMATION
fixed length control field 220917b |||||||| |||| 00| 0 eng d
037 ## - SOURCE OF ACQUISITION
Terms of availability TB
040 ## - CATALOGING SOURCE
Original cataloging agency ARTS
Transcribing agency ARTS
Language of cataloging eng
041 ## - LANGUAGE CODE
Source of code eng
Language code of text/sound track or separate title eng
084 ## - COLON CLASSIFICATION NUMBER
Classification number V2:19438(zM).N45<--N41 M4
Assigning agency AL
100 ## - MAIN ENTRY--PERSONAL NAME
Personal name Chandra Anil
9 (RLIN) 100604
245 #0 - TITLE STATEMENT
Title Indian army triumphant in Burma
Remainder of title The Burmese campaign 1941--1945
260 ## - PUBLICATION, DISTRIBUTION, ETC.
Place of publication, distribution, etc. Delhi
Name of publisher, distributor, etc. Abma Ram India
Date of publication, distribution, etc. 1984
300 ## - PHYSICAL DESCRIPTION
Extent xx, 234p.
Dimensions cm.
500 ## - GENERAL NOTE
General note Bibliography p225--234; Appendix p219--224
650 ## - SUBJECT ADDED ENTRY--TOPICAL TERM
Topical term or geographic name entry element HISTORY
942 ## - ADDED ENTRY ELEMENTS (KOHA)
Classification part V2:19438(zM).N45<--N41 M4
Koha item type Textbook
Source of classification or shelving scheme Colon Classification (CC)
Suppress in OPAC No
Holdings
Withdrawn status Lost status Damaged status Not for loan Home library Current library Date acquired Total Checkouts Full call number Barcode Date last seen Price effective from Koha item type
        Arts Library Arts Library 2022-09-18   V2:19438,(zM).N45<--N41 M4 AL0883996 2022-09-18 2022-09-18 Textual
Copyright @ Delhi University Library System